Úloha hráča – libera vo volejbale

Salvato in:
Dettagli Bibliografici
Autore principale: Podgórska, Lenka, 1958-
Natura: Capitolo di libro
Lingua:slovacco
Soggetti:
Tags: Aggiungi Tag
Nessun Tag, puoi essere il primo ad aggiungerne!!

MARC

LEADER 00000naa a2200000 4500
001 0306574
005 20251028104013.1
041 0 |a slo 
044 |a SK 
245 1 0 |a Úloha hráča – libera vo volejbale  |c Lenka Podgórska 
500 |a Abstrakt 
610 2 0 |a technika 
610 2 0 |a šport 
610 2 0 |a vysokoškoláci 
610 2 0 |a hry 
100 1 |a Podgórska, Lenka, 1958-